|
|
|
|
| LEADER |
01297nam a2200301 a 4500 |
| 001 |
3925730 |
| 008 |
090726s1994 nyu b 000 1 eng d |
| 010 |
|
|
|a 92052920
|
| 020 |
|
|
|a 0140620273
|
| 040 |
|
|
|a DLC
|c DLC
|d OCoLC
|d DLC
|
| 082 |
0 |
0 |
|a 823/.8
|2 20
|
| 100 |
1 |
|
|a Eliot, George,
|d 1819-1880.
|
| 245 |
1 |
4 |
|a The mill on the Floss /
|c George Eliot.
|
| 260 |
|
|
|a New York;
|l ondon :
|b Knopf;
|b Penguin Books,
|c 1994.
|
| 300 |
|
|
|a vii, 534 p. ;
|c 18 cm.
|
| 490 |
0 |
|
|a Penguin Popular Classics.
|
| 541 |
1 |
|
|e 00013057
|
| 650 |
|
0 |
|a Conflict of generations
|v Fiction.
|
| 650 |
|
0 |
|a Brothers and sisters
|v Fiction.
|
| 650 |
|
0 |
|a Loss (Psychology)
|v Fiction.
|
| 650 |
|
0 |
|a Young women
|v Fiction.
|
| 650 |
|
0 |
|a Water mills
|v Fiction.
|
| 650 |
|
0 |
|a Vendetta
|v Fiction.
|
| 651 |
|
0 |
|a England
|v Fiction.
|
| 852 |
4 |
|
|a Ayesha Abed Library
|j General Shelf.
|
| 999 |
|
|
|c 2964
|d 2964
|
| 952 |
|
|
|0 0
|1 3
|2 ddc
|4 0
|6 823_800000000000000_ELI
|7 0
|9 2680
|a BRACUL
|b BRACUL
|c GEN
|d 2009-08-18
|g 220.00
|l 6
|m 55
|o 823.8 ELI
|p 3010013057
|r 2018-10-23
|s 2018-08-19
|t 1
|v 440.00
|w 2009-08-18
|y BK
|x lost and cost paid by user BDT-440/- (Student ID-18163004) Mony Recipt No-32571
|
| 952 |
|
|
|0 0
|1 0
|2 ddc
|4 0
|6 823_800000000000000_ELI
|7 0
|9 13995
|a BRACUL
|b BRACUL
|c GEN
|d 2011-01-18
|g 220.00
|l 9
|m 31
|o 823.8 ELI
|p 3010013056
|r 2025-10-27
|s 2025-10-12
|t 2
|w 2011-01-18
|y BK
|